| 000 | 00000nam##2200000za#4500 |
| 001 | 9.536979 |
| 003 | CaOODSP |
| 005 | 20200326005138 |
| 007 | ta |
| 008 | 150406|2002||||xxc||||| f|0| 0 fre|d |
| 040 | |aCaOODSP|bfre |
| 041 | |aeng |
| 041 | |afre |
| 043 | |an-cn--- |
| 086 | 1 |aYX3-2002/11 |
| 110 | 1 |aCanada.|bStatuts. |
| 245 | 10|aLoi sur le cheval national du Canada : |b(Loi portant reconnaissance du cheval canadien comme le cheval national du Canada) |
| 260 | |aOttawa - Ontario : |bStatuts |cSanctionnée le 30 avril 2002. |
| 300 | |a2p. ; |c28 cm. |
| 490 | 1 |aLois du Parlement du Canada, 2002|vChapitre 11 |
| 563 | |aPolycopié |
| 590 | |a02-33|b2002-08-16 |
| 691 | 07|aLégislation|2gcpds |
| 691 | 07|aMammifère|2gcpds |
| 691 | 07|aSymbole national|2gcpds |
| 791 | |tNational Horse of Canada Act : |eeng|w(CaOODSP)9.536978 |
| 830 | #0|aLois du Parlement du Canada, 2002 ;|vChapitre 11|w(CaOODSP)9.509743 |